BARCELONA SKŁAD 22/23 - Statystyki

Ogólne statystyki
  • Ten quiz został rozwiązany 2 140 razy
  • Średni wynik to 17 z 25
Statystyki odpowiedzi
POZYCJA NAZWISKO % Poprawnych
BRAMKARZ Ter Stegen
97%
NAPASTNIK Lewandowski
95%
POMOCNIK Pedri
90%
POMOCNIK Gavi
89%
OBROŃCA Araujo
82%
POMOCNIK De Jong
79%
OBROŃCA Kounde
79%
POMOCNIK Torre
75%
NAPASTNIK Dembele
73%
OBROŃCA Alba
72%
OBROŃCA Balde
72%
BRAMKARZ Pena
69%
POMOCNIK Busquets
68%
NAPASTNIK Fati
68%
NAPASTNIK Raphinha
68%
OBROŃCA Christensen
67%
NAPASTNIK Torres
67%
OBROŃCA Pique
60%
OBROŃCA Roberto
57%
OBROŃCA Garcia
51%
OBROŃCA Alonso
50%
POMOCNIK Kessie
50%
NAPASTNIK Depay
48%
BRAMKARZ Tenas
34%
OBROŃCA Bellerin
27%
Nie znaleziono quizów pasujących do podanych kryteriów
Rozkład punktacji
Procent ludzi z każdym wynikiem
Percentyl według liczby udzielonych odpowiedzi
Twoja historia wyników
Nie rozwiązałeś tego quizu